Úmrtnosť a zdravotný stav rómskej populácie na Slovensku

Problematika zdravotného stavu populácie rómskych osád na Slovensku a možnosti jeho analýzy prostredníctvom dostupných údajov z niekoľkých výberových zisťovaní.

Na minha lista:
Detalhes bibliográficos
Autor principal: Šprocha, Branislav
Formato: Capítulo de Livro
Idioma:eslovaco
Assuntos:
Tags: Adicionar Tag
Sem tags, seja o primeiro a adicionar uma tag!

MARC

LEADER 00000naa a2200000 4500
001 0164549
005 20231207083815.2
041 0 |a slo 
044 |a SK 
245 1 0 |a Úmrtnosť a zdravotný stav rómskej populácie na Slovensku  |c Branislav Šprocha 
520 |a Problematika zdravotného stavu populácie rómskych osád na Slovensku a možnosti jeho analýzy prostredníctvom dostupných údajov z niekoľkých výberových zisťovaní. 
610 2 0 |a Slovensko 
610 2 0 |a Rómovia 
610 2 0 |a vývoj populačný 
610 2 0 |a chorobnosť 
610 2 0 |a výskum štatistický 
100 1 |a Šprocha, Branislav